[Event "4NCL/Div4/GLOSG vs. ATH1"]
[Site "Nottingham ENG"]
[Date "2006.02.11"]
[Round "5.3"]
[White "White, Ernest M"]
[Black "Johansson, Toni"]
[Result "0-1"]
[WhiteElo "2065"]
[BlackElo "2185"]
[PlyCount "106"]
[EventDate "2006.02.11"]
[SourceDate "2005.10.25"]

1. e4 c5 2. Nf3 d6 3. d4 cxd4 4. Nxd4 Nf6 5. Nc3 g6 6. Be3 Bg7 7. f3 O-O 8. Qd2
Nc6 9. h4 d5 10. Nxc6 bxc6 11. Rd1 Qa5 12. exd5 cxd5 13. Nxd5 Qxd2+ 14. Rxd2
Nxd5 15. Rxd5 Bxb2 16. Kf2 a5 17. a4 Be6 18. Rb5 Bf6 19. Bg5 Bd7 20. Bxf6 exf6
21. Rb6 Bxa4 22. Bd3 Rfc8 23. c4 f5 24. h5 Rd8 25. Be2 Rd2 26. hxg6 hxg6 27.
Rhb1 Re8 28. Re1 Bd1 29. Rxd1 Rexe2+ 30. Kf1 Rf2+ 31. Kg1 Rxg2+ 32. Kh1 Rh2+
33. Kg1 Rxd1+ 34. Kxh2 Rc1 35. Ra6 Rxc4 36. Rxa5 f4 37. Ra2 Kg7 38. Rf2 f5 39.
Kh3 Rc1 40. Kg2 g5 41. Rb2 Kg6 42. Ra2 g4 43. Rb2 Kg5 44. Ra2 Rc3 45. Rf2 Rb3
46. Kg1 Rxf3 47. Rxf3 gxf3 48. Kf2 Kg4 49. Kf1 f2 50. Kxf2 f3 51. Kf1 Kg3 52.
Kg1 f2+ 53. Kf1 f4 0-1

[Event "4NCL/Div4/GLOSG vs. ATH1"]
[Site "Nottingham ENG"]
[Date "2006.02.11"]
[Round "5.4"]
[White "Pedersen, Carsten"]
[Black "Dodwell, Phil"]
[Result "1/2-1/2"]
[WhiteElo "2175"]
[BlackElo "2060"]
[PlyCount "139"]
[EventDate "2006.02.11"]
[SourceDate "2005.10.25"]

1. e4 e5 2. Nc3 Nf6 3. f4 d5 4. fxe5 Nxe4 5. Nf3 Bc5 6. d4 Bb4 7. Bd2 Bxc3 8.
Bxc3 Bg4 9. Bd3 Nc6 10. O-O Ng5 11. Qd2 Nxf3+ 12. gxf3 Bh3 13. Rf2 Qh4 14. Bb5
O-O 15. Bxc6 bxc6 16. Ba5 Rab8 17. b3 Rb7 18. Re1 Re8 19. c4 Re6 20. Rc1 Rg6+
21. Kh1 Be6 22. Rff1 Qh3 23. c5 h6 24. Qe2 Qh4 25. Qe3 Rg3 26. Qf2 Rh3 27. Qxh4
Rxh4 28. Rcd1 Rf4 29. Kg2 Kf8 30. Rh1 Ke8 31. h4 h5 32. Kg3 Rf5 33. Kf2 Kd7 34.
Rdg1 Rb5 35. Bd2 g6 36. Bg5 Ke8 37. Rb1 Bc8 38. b4 Ba6 39. Ke3 Rb8 40. a4 Bc4
41. f4 Kd7 42. Kd2 Ke6 43. Rb2 a6 44. Kc3 Rb7 45. Ra1 Kd7 46. Ra3 Bf1 47. Rba2
Bc4 48. Ra1 Rb8 49. Rb1 Rb7 50. Kd2 Ke6 51. Re3 Rb8 52. Kc3 Rb7 53. Rb2 Rb8 54.
Kc2 Rb7 55. Rc3 Rb8 56. Ra3 Rb7 57. Rb1 Be2 58. Kd2 Bc4 59. Raa1 Kd7 60. Kc1
Bd3 61. Rb2 Bc4 62. Ra3 Bf1 63. Rc3 Bc4 64. Kb1 Ke6 65. Kc2 Rb8 66. Ra3 Rb7 67.
Kc3 Bf1 68. b5 cxb5 69. axb5 Bxb5 70. Ra5 1/2-1/2

[Event "4NCL/Div4/GLOSG vs. ATH1"]
[Site "Nottingham ENG"]
[Date "2006.02.11"]
[Round "5.5"]
[White "Meade, Philip J"]
[Black "Gruettner, Ralf"]
[Result "1/2-1/2"]
[WhiteElo "2055"]
[BlackElo "2105"]
[PlyCount "101"]
[EventDate "2006.02.11"]
[SourceDate "2005.10.25"]

1. e4 Nf6 2. e5 Nd5 3. d4 d6 4. c4 Nb6 5. Nf3 Bg4 6. exd6 cxd6 7. Be2 g6 8. b3
Bg7 9. Bb2 O-O 10. Nbd2 Nc6 11. O-O e5 12. d5 Ne7 13. Re1 h6 14. Nf1 f5 15. Ne3
Bxf3 16. Bxf3 Nd7 17. Rc1 f4 18. Nf1 Nf5 19. Be4 Rf6 20. Qd2 Bf8 21. b4 Rc8 22.
Qd3 Qe8 23. Nd2 Qf7 24. c5 dxc5 25. Bxf5 Rxf5 26. Ne4 b6 27. Qa6 Qe8 28. d6 Kh7
29. Qb7 Bg7 30. bxc5 bxc5 31. Ba3 Rf7 32. Qd5 Nf6 33. Nxf6+ Bxf6 34. Rxc5 Rxc5
35. Bxc5 Rd7 36. Bd4 Qf8 37. Bc5 Kg7 38. h3 Qf7 39. Qc6 Qe6 40. Rb1 Bd8 41. Rb8
a5 42. Qc8 Kf6 43. Ra8 g5 44. Qc6 h5 45. Ra7 Rxa7 46. Bxa7 g4 47. hxg4 hxg4 48.
Bb8 Qxa2 49. Bc7 Qb1+ 50. Kh2 Qh7+ 51. Kg1 1/2-1/2

[Event "4NCL/Div4/GLOSG vs. ATH1"]
[Site "Nottingham ENG"]
[Date "2006.02.11"]
[Round "5.6"]
[White "McLaughlin, Noel"]
[Black "Taylor, Geoffrey P"]
[Result "1/2-1/2"]
[WhiteElo "2030"]
[BlackElo "2050"]
[PlyCount "53"]
[EventDate "2006.02.11"]
[SourceDate "2005.10.25"]

1. Nf3 c5 2. e4 Nc6 3. c3 e6 4. d4 d5 5. e5 Qb6 6. a3 c4 7. Nbd2 Na5 8. Rb1 Bd7
9. Be2 Nb3 10. O-O Ba4 11. Nxb3 Bxb3 12. Qd2 Ne7 13. h4 Nc6 14. Ra1 Be7 15. Qf4
h6 16. Qg4 g6 17. Nd2 Bc2 18. h5 g5 19. Bd1 Bf5 20. Qg3 a5 21. a4 Rg8 22. Nb1
Kd7 23. Na3 Raf8 24. Bg4 Bh7 25. Re1 Na7 26. Qe3 Rc8 27. Bd1 1/2-1/2

[Event "4NCL/Div4/NOTT1 vs. GREN"]
[Site "Nottingham ENG"]
[Date "2006.02.11"]
[Round "5.1"]
[White "Richmond, Robert J"]
[Black "Osborne, David C"]
[Result "0-1"]
[WhiteElo "2190"]
[BlackElo "2085"]
[PlyCount "98"]
[EventDate "2006.02.11"]
[SourceDate "2005.10.25"]

1. d4 d5 2. c4 c6 3. Nf3 Nf6 4. Nc3 dxc4 5. a4 Bg4 6. Ne5 Bh5 7. f3 e6 8. Nxc4
Bb4 9. Qb3 Na6 10. e3 c5 11. dxc5 O-O 12. c6 Nd5 13. Bd2 Nc5 14. Qc2 Bxc3 15.
Bxc3 Bg6 16. e4 Nxc3 17. cxb7 Rb8 18. Qxc3 Rxb7 19. b4 Nxe4 20. fxe4 Qh4+ 21.
g3 Qxe4+ 22. Kf2 Rxb4 23. Be2 Qf5+ 24. Qf3 Qc5+ 25. Qe3 Rxc4 26. Bxc4 Qxc4 27.
Rhc1 Qa6 28. Rc7 Ra8 29. Rac1 h6 30. Qd4 Kh7 31. R1c6 Qa5 32. Rc5 Qb6 33. a5
Qb1 34. Rc1 Qa2+ 35. Kg1 Qxa5 36. h4 Qa6 37. R7c3 Qa5 38. Rc5 Qb6 39. h5 Bf5
40. g4 Rd8 41. Qf2 Bxg4 42. Qxf7 Bf5 43. Qc7 Qb3 44. R5c3 Rd1+ 45. Kf2 Qb2+ 46.
Kf3 Rd4 47. Rg1 Be4+ 48. Kg3 Qd2 49. Qc5 e5 0-1

[Event "4NCL/Div4/NOTT1 vs. GREN"]
[Site "Nottingham ENG"]
[Date "2006.02.11"]
[Round "5.2"]
[White "Bass, John W"]
[Black "Barnes, Michael H"]
[Result "0-1"]
[WhiteElo "2050"]
[BlackElo "2200"]
[PlyCount "124"]
[EventDate "2006.02.11"]
[SourceDate "2005.10.25"]

1. d4 Nf6 2. Nf3 g6 3. c4 Bg7 4. Nc3 O-O 5. Bg5 d6 6. e3 c6 7. Be2 Bf5 8. O-O
h6 9. Bh4 g5 10. Bg3 Nh5 11. Nxg5 Nxg3 12. fxg3 hxg5 13. Rxf5 e6 14. Rf2 Nd7
15. Qd2 Qe7 16. Raf1 Rad8 17. Bd3 d5 18. Bb1 f5 19. cxd5 cxd5 20. g4 fxg4 21.
Qd3 Bf6 22. Bc2 Qg7 23. Ne2 Be7 24. Ng3 Rxf2 25. Rxf2 Nf6 26. Qb5 Bd6 27. Qf1
Rf8 28. Qb5 Qc7 29. Qd3 Bxg3 30. Qg6+ Qg7 31. Qxg7+ Kxg7 32. hxg3 Rc8 33. Re2
b6 34. Kf2 Nh5 35. e4 Rf8+ 36. Kg1 Nxg3 37. Re3 Rf1+ 38. Kh2 Nxe4 39. Bxe4 dxe4
40. Rxe4 Kf6 41. Re3 Rf2 42. Ra3 Rxb2 43. Rxa7 Rd2 44. Rb7 Rxd4 45. Rxb6 Kf5
46. Rb8 Ra4 47. Rf8+ Ke5 48. Rf2 Ra3 49. Re2+ Kf5 50. Rf2+ Kg6 51. g3 e5 52.
Kg2 e4 53. Rb2 Kf5 54. Rb5+ Kf6 55. Rb6+ Ke5 56. Rb5+ Kd4 57. Rxg5 Rxa2+ 58.
Kf1 e3 59. Rg8 Ke4 60. Rf8 Rf2+ 61. Rxf2 exf2 62. Kxf2 Kd3 0-1

[Event "4NCL/Div4/NOTT1 vs. GREN"]
[Site "Nottingham ENG"]
[Date "2006.02.11"]
[Round "5.3"]
[White "Mercs, Peter J"]
[Black "Greely, Simon"]
[Result "1-0"]
[WhiteElo "2110"]
[BlackElo "2010"]
[PlyCount "67"]
[EventDate "2006.02.11"]
[SourceDate "2005.10.25"]

1. e4 e5 2. Bc4 Nf6 3. d3 Nc6 4. Nf3 Bc5 5. O-O d6 6. a4 Bg4 7. c3 a6 8. Be3
Bxe3 9. fxe3 O-O 10. Nbd2 d5 11. exd5 Nxd5 12. Qe2 Qd7 13. h3 Bh5 14. Ne4 Rad8
15. Ng3 Bg6 16. Nh4 Nce7 17. Nxg6 hxg6 18. a5 Nf6 19. e4 Nc6 20. Qe3 Qe7 21.
Rf2 Kh8 22. b4 Ne8 23. Bd5 Nf6 24. Bc4 Ne8 25. Raf1 Nd6 26. Bd5 f5 27. exf5
Nxf5 28. Nxf5 gxf5 29. Bxc6 f4 30. Rxf4 Rxf4 31. Rxf4 bxc6 32. Re4 Qd6 33. Rxe5
Qxd3 34. Rh5+ 1-0

[Event "4NCL/Div4/NOTT1 vs. GREN"]
[Site "Nottingham ENG"]
[Date "2006.02.11"]
[Round "5.4"]
[White "Hibbitt, Arthur M"]
[Black "Walker, Andrew N"]
[Result "1-0"]
[WhiteElo "1950"]
[BlackElo "2095"]
[PlyCount "97"]
[EventDate "2006.02.11"]
[SourceDate "2005.10.25"]

1. d4 f5 2. Nf3 Nf6 3. g3 e6 4. Bg2 Be7 5. O-O O-O 6. b3 a5 7. Ba3 Na6 8. Bxe7
Qxe7 9. c4 c6 10. Nc3 d6 11. Re1 Ne4 12. Rc1 Bd7 13. Nd2 d5 14. Nf3 Ng5 15. e3
Be8 16. Ne5 Nf7 17. f4 Nxe5 18. fxe5 Qg5 19. Qd2 Rb8 20. Ne2 Qd8 21. Nf4 Bf7
22. Nd3 Qb6 23. cxd5 cxd5 24. Nc5 Nxc5 25. Rxc5 Ra8 26. Rec1 Be8 27. Bf1 Bc6
28. Qc3 Rfe8 29. a4 Qb4 30. Qxb4 axb4 31. Bb5 Bxb5 32. Rxb5 Rac8 33. Rxc8 Rxc8
34. Rxb7 Rc3 35. Rxb4 Rxe3 36. a5 Re1+ 37. Kf2 Ra1 38. Ra4 Rb1 39. a6 Rb2+ 40.
Kf1 Rb1+ 41. Kg2 Rb2+ 42. Kh3 g5 43. a7 g4+ 44. Kh4 Kg7 45. a8=Q Rxh2+ 46. Kg5
h6+ 47. Kf4 Re2 48. Ra7+ Kg6 49. Qe8# 1-0

[Event "4NCL/Div4/NOTT1 vs. GREN"]
[Site "Nottingham ENG"]
[Date "2006.02.11"]
[Round "5.5"]
[White "Truman, Richard G"]
[Black "Butterworth, Paul"]
[Result "1-0"]
[WhiteElo "2070"]
[BlackElo "1890"]
[PlyCount "43"]
[EventDate "2006.02.11"]
[SourceDate "2005.10.25"]

1. d4 Nf6 2. c4 g6 3. Nc3 Bg7 4. e4 d6 5. f3 e5 6. d5 O-O 7. Be3 Nbd7 8. Bd3
Nh5 9. Qd2 f5 10. Nge2 f4 11. Bf2 Rf7 12. O-O-O Bf8 13. b4 Ng7 14. Kb2 Ne8 15.
Nc1 Kh8 16. Nb3 Ndf6 17. c5 c6 18. Bc4 cxd5 19. Nxd5 Nxd5 20. Qxd5 Rg7 21. Qxe5
h6 22. Qxf4 1-0

[Event "4NCL/Div4/NOTT1 vs. GREN"]
[Site "Nottingham ENG"]
[Date "2006.02.11"]
[Round "5.6"]
[White "Flexman, Patrick"]
[Black "Walker, Tim D"]
[Result "0-1"]
[WhiteElo "1845"]
[BlackElo "2050"]
[PlyCount "80"]
[EventDate "2006.02.11"]
[SourceDate "2005.10.25"]

1. e4 c5 2. Nf3 Nf6 3. Nc3 Nc6 4. d4 d5 5. e5 Ne4 6. Be3 Bg4 7. Be2 Qa5 8. O-O
Nxc3 9. bxc3 c4 10. Qd2 e6 11. Kh1 Ba3 12. Rab1 b5 13. Nh4 Bxe2 14. Qxe2 Qxc3
15. Rfd1 Be7 16. Nf3 Rb8 17. Ne1 O-O 18. f4 a5 19. g4 f5 20. gxf5 Rxf5 21. Nf3
Nb4 22. Rg1 Qxc2 23. Qe1 Qe4 24. Qg3 g6 25. Bd2 Nc2 26. Rg2 Nxd4 27. Rf1 Nxf3
28. Rxf3 Qb1+ 29. Rg1 Qxa2 30. Be3 Qe2 31. Rf2 Qd3 32. Qh3 Qe4+ 33. Rf3 d4 34.
Bc1 b4 35. Rgg3 b3 36. Rg2 Qe1+ 37. Rg1 Qe4 38. Rg2 Qe1+ 39. Rg1 Qe4 40. Rg2 b2
0-1

[Event "4NCL/Div4/GUI5 vs. CAV"]
[Site "Nottingham ENG"]
[Date "2006.02.11"]
[Round "5.1"]
[White "Shepley, Julien M"]
[Black "Harman, Kenneth B"]
[Result "1/2-1/2"]
[WhiteElo "2085"]
[BlackElo "2160"]
[PlyCount "97"]
[EventDate "2006.02.11"]
[SourceDate "2005.10.25"]

1. d4 Nf6 2. Bg5 Ne4 3. Bf4 d5 4. f3 Nd6 5. Nc3 c6 6. e4 e6 7. Qd2 Be7 8. Bd3
b6 9. Nge2 Ba6 10. Bxa6 Nxa6 11. a3 O-O 12. Ng3 Nc7 13. b3 dxe4 14. fxe4 Ndb5
15. a4 Nxc3 16. Qxc3 Bf6 17. e5 Nd5 18. Qf3 Nxf4 19. Qxf4 Bg5 20. Qe4 c5 21.
Rd1 cxd4 22. Rxd4 Qe7 23. O-O Rac8 24. Kh1 Rfd8 25. Rfd1 Rxd4 26. Rxd4 Qa3 27.
h4 Qc1+ 28. Kh2 Be3 29. Qc6 Rf8 30. Rc4 g6 31. Qf3 Bg1+ 32. Kh3 Bc5 33. Ne4
Qh1+ 34. Kg3 Be7 35. Nf6+ Kg7 36. Qf4 a5 37. Rc7 Bb4 38. Ng4 Be1+ 39. Nf2 h5
40. Rb7 Qf1 41. Rxb6 Qe2 42. Rb5 Qxc2 43. Qe3 Bb4 44. Ne4 Rd8 45. Nd6 Qd1 46.
Qf4 Bxd6 47. Qf6+ Kh6 48. Qf4+ Kg7 49. Qf6+ 1/2-1/2

[Event "4NCL/Div4/GUI5 vs. CAV"]
[Site "Nottingham ENG"]
[Date "2006.02.11"]
[Round "5.2"]
[White "Farrand, Julian T"]
[Black "Jones, H Trevor"]
[Result "1-0"]
[WhiteElo "2140"]
[BlackElo "1930"]
[PlyCount "47"]
[EventDate "2006.02.11"]
[SourceDate "2005.10.25"]

1. d4 Nf6 2. Nc3 e6 3. e4 Bb4 4. e5 Nd5 5. Qg4 g6 6. a3 Be7 7. Ne4 f5 8. exf6
Nxf6 9. Nxf6+ Bxf6 10. Bh6 Nc6 11. Nf3 d6 12. Bd3 Ne7 13. O-O-O Nf5 14. Bxf5
gxf5 15. Qh5+ Ke7 16. Rhe1 Qg8 17. Qxf5 Bd7 18. Ng5 e5 19. Qf4 Qg6 20. dxe5
dxe5 21. Nf3 Rae8 22. Nxe5 Bxe5 23. Bg5+ Ke6 24. Rxe5# 1-0

[Event "4NCL/Div4/GUI5 vs. CAV"]
[Site "Nottingham ENG"]
[Date "2006.02.11"]
[Round "5.3"]
[White "Shaw, Matthew"]
[Black "Egan, Michael PW"]
[Result "1/2-1/2"]
[WhiteElo "1815"]
[BlackElo "2080"]
[PlyCount "62"]
[EventDate "2006.02.11"]
[SourceDate "2005.10.25"]

1. e4 c5 2. Nf3 Nc6 3. d4 cxd4 4. Nxd4 g6 5. Be3 Nf6 6. Nc3 Bg7 7. Qd2 Ng4 8.
Nxc6 bxc6 9. Bd4 Nf6 10. Bc4 Qa5 11. O-O-O e5 12. Be3 Ng4 13. Bg5 Qc5 14. Qd6
Bf8 15. Qd3 Be7 16. Bxe7 Qxe7 17. Rdf1 O-O 18. h3 Nf6 19. f4 d5 20. exd5 cxd5
21. fxe5 Qxe5 22. Nxd5 Nxd5 23. Bxd5 Rb8 24. Bxf7+ Kg7 25. Bb3 Bf5 26. Qc3 Qxc3
27. bxc3 Be4 28. Rxf8 Rxf8 29. Re1 Bxg2 30. Re7+ Kh6 31. Rxa7 Bxh3 1/2-1/2

[Event "4NCL/Div4/GUI5 vs. CAV"]
[Site "Nottingham ENG"]
[Date "2006.02.11"]
[Round "5.4"]
[White "Hamblin, David J"]
[Black "Arghandewal, Aryan Y"]
[Result "1-0"]
[WhiteElo "2025"]
[BlackElo "1715"]
[PlyCount "74"]
[EventDate "2006.02.11"]
[SourceDate "2005.10.25"]

1. d4 Nf6 2. c4 g6 3. Nc3 d5 4. cxd5 Nxd5 5. e4 Nxc3 6. bxc3 Bg7 7. Nf3 c5 8.
Rb1 O-O 9. Be2 cxd4 10. cxd4 Qa5+ 11. Qd2 Qxd2+ 12. Bxd2 Nc6 13. d5 Ne5 14.
Nxe5 Bxe5 15. f4 Bd4 16. Bb4 Be3 17. Bxe7 Re8 18. d6 a6 19. Bc4 b5 20. Bd5 Ra7
21. Rf1 Be6 22. Bxe6 fxe6 23. Ke2 Raxe7 24. dxe7 Bc5 25. Rbc1 Bxe7 26. Rc6 a5
27. Rxe6 Kf7 28. Rb6 Bb4 29. Rb7+ Kg8 30. e5 a4 31. Rb1 Bc5 32. Rc7 Bd6 33. Rd7
Bf8 34. Rxb5 Rc8 35. Rbd5 Rc2+ 36. Rd2 Rc4 37. R7d4 Rxd4 1-0

[Event "4NCL/Div4/GUI5 vs. CAV"]
[Site "Nottingham ENG"]
[Date "2006.02.11"]
[Round "5.5"]
[White "Mills, Nigel"]
[Black "Tart, Peter"]
[Result "0-1"]
[WhiteElo "1705"]
[BlackElo "2015"]
[PlyCount "68"]
[EventDate "2006.02.11"]
[SourceDate "2005.10.25"]

1. Nf3 d6 2. d4 g6 3. e4 Bg7 4. Nc3 Nf6 5. Be3 c6 6. Be2 b5 7. a3 O-O 8. Qd2
Ng4 9. Bf4 Qa5 10. b4 Qb6 11. h3 Nf6 12. Bh6 a5 13. Bxg7 Kxg7 14. e5 dxe5 15.
dxe5 Ng8 16. O-O Bf5 17. Nd4 Nh6 18. g4 Rd8 19. Nxf5+ Nxf5 20. Bd3 Nd4 21. Kg2
c5 22. bxc5 Qxc5 23. Bxb5 Nbc6 24. Qe3 Qxe5 25. Bxc6 Qxe3 26. fxe3 Nxc6 27.
Rfd1 Ne5 28. Nb5 Nc4 29. Kf3 a4 30. Rd4 Rdc8 31. Rd7 Ne5+ 32. Kg3 Nxd7 33. Rd1
Ne5 34. Rd4 Rxc2 0-1

[Event "4NCL/Div4/GUI5 vs. CAV"]
[Site "Nottingham ENG"]
[Date "2006.02.11"]
[Round "5.6"]
[White "Chapman, Timothy J"]
[Black "Adami, Mark"]
[Result "1/2-1/2"]
[WhiteElo "1855"]
[BlackElo "1745"]
[PlyCount "73"]
[EventDate "2006.02.11"]
[SourceDate "2005.10.25"]

1. e4 c6 2. d4 d5 3. Nc3 dxe4 4. Nxe4 Nd7 5. Bc4 e6 6. Nf3 Ngf6 7. Ng3 Be7 8.
Qe2 O-O 9. O-O b5 10. Bd3 Bb7 11. c3 a6 12. Bg5 Nd5 13. Bxe7 Qxe7 14. Bc2 c5
15. Qd3 N5f6 16. Ne5 Rfd8 17. Nxd7 Qxd7 18. Nh5 Nxh5 19. Qxh7+ Kf8 20. Qxh5
cxd4 21. Rfd1 Qc6 22. Qg5 Rd5 23. Qg3 dxc3 24. bxc3 Rad8 25. Bb3 Rd3 26. Qg5
Qxc3 27. Qxd8+ Rxd8 28. Rxd8+ Ke7 29. Rad1 Bd5 30. Rb8 Bxb3 31. axb3 Qxb3 32.
Rb7+ Kf6 33. Rbd7 a5 34. R1d3 Qb1+ 35. Rd1 Qe4 36. h4 Qxh4 37. R1d3 1/2-1/2

[Event "4NCL/Div4/SCS vs. CAMB2"]
[Site "Nottingham ENG"]
[Date "2006.02.11"]
[Round "5.1"]
[White "Moyse, Nigel"]
[Black "Campbell, Mark"]
[Result "1-0"]
[WhiteElo "2160"]
[BlackElo "2005"]
[PlyCount "77"]
[EventDate "2006.02.11"]
[EventType "team"]
[EventRounds "11"]
[EventCountry "ENG"]
[SourceDate "2005.10.25"]

1. d4 Nf6 2. c4 e6 3. Nf3 b6 4. g3 Ba6 5. b3 d5 6. Bg2 Bb4+ 7. Nbd2 O-O 8. O-O
c6 9. Bb2 Nbd7 10. Ne5 Bb7 11. a3 Bd6 12. e4 dxe4 13. Nxe4 Nxe4 14. Bxe4 Bxe5
15. dxe5 Nc5 16. Bc2 Qxd1 17. Rfxd1 Rfd8 18. b4 Na6 19. Be4 Rac8 20. c5 bxc5
21. b5 Nc7 22. bxc6 Ba6 23. Rd6 Nd5 24. Bxd5 exd5 25. c7 Rxd6 26. exd6 Bb5 27.
Rc1 c4 28. Rd1 f6 29. Rxd5 Bd7 30. Rc5 Kf7 31. Rxc4 Ke6 32. Rd4 a5 33. a4 Bc6
34. Bc3 Kd7 35. Bb2 Re8 36. Bc3 Re4 37. c8=Q+ Kxc8 38. d7+ Kd8 39. Bxa5+ 1-0

[Event "4NCL/Div4/SCS vs. CAMB2"]
[Site "Nottingham ENG"]
[Date "2006.02.11"]
[Round "5.2"]
[White "Gallagher, Ian G"]
[Black "Reynolds, D Ian"]
[Result "1/2-1/2"]
[WhiteElo "2010"]
[BlackElo "2125"]
[PlyCount "58"]
[EventDate "2006.02.11"]
[EventType "team"]
[EventRounds "11"]
[EventCountry "ENG"]
[SourceDate "2005.10.25"]

1. d4 Nf6 2. Bg5 Ne4 3. h4 c5 4. d5 Qb6 5. Nd2 Nxd2 6. Bxd2 e5 7. dxe6 Qxe6 8.
Rh3 Be7 9. Bc3 O-O 10. Nf3 d5 11. Rg3 d4 12. Bd2 Bd6 13. Ng5 Qe7 14. f4 Bf5 15.
Kf2 Nd7 16. e4 dxe3+ 17. Rxe3 Qf6 18. g3 Qh6 19. Bd3 Bxd3 20. Rxd3 c4 21. Rd5
Bc5+ 22. Kf1 Qc6 23. Bc3 Nb6 24. Rxc5 Qxc5 25. Qh5 Qf5 26. Re1 h6 27. Re5 Qg6
28. Qxg6 fxg6 29. Re7 hxg5 1/2-1/2

[Event "4NCL/Div4/SCS vs. CAMB2"]
[Site "Nottingham ENG"]
[Date "2006.02.11"]
[Round "5.3"]
[White "Lutton, E Josiah"]
[Black "Broomfield, Lucy"]
[Result "1-0"]
[WhiteElo "2125"]
[BlackElo "1980"]
[PlyCount "69"]
[EventDate "2006.02.11"]
[EventType "team"]
[EventRounds "11"]
[EventCountry "ENG"]
[SourceDate "2005.10.25"]

1. e4 e6 2. Nc3 d5 3. d4 Nf6 4. Bg5 dxe4 5. Nxe4 Be7 6. Nxf6+ Bxf6 7. Bxf6 Qxf6
8. Nf3 O-O 9. Bd3 c5 10. O-O cxd4 11. Nxd4 a6 12. Re1 Nc6 13. Nxc6 bxc6 14. c3
g6 15. Be4 e5 16. Qf3 Qxf3 17. Bxf3 Rb8 18. b3 f6 19. Bxc6 Be6 20. Rad1 Rfd8
21. c4 a5 22. Kf1 Kf8 23. Ke2 Ke7 24. f3 Rd6 25. Rxd6 Kxd6 26. Ba4 Kc7 27. Rd1
g5 28. g3 Rb6 29. c5 Rb4 30. Rd6 Bc8 31. Rxf6 h5 32. Rf7+ Kb8 33. c6 e4 34. f4
gxf4 35. gxf4 1-0

[Event "4NCL/Div4/SCS vs. CAMB2"]
[Site "Nottingham ENG"]
[Date "2006.02.11"]
[Round "5.4"]
[White "Spencer, Carl"]
[Black "Lutton, J Arnold"]
[Result "0-1"]
[WhiteElo "1995"]
[BlackElo "1940"]
[PlyCount "68"]
[EventDate "2006.02.11"]
[EventType "team"]
[EventRounds "11"]
[EventCountry "ENG"]
[SourceDate "2005.10.25"]

1. e4 e6 2. d4 d5 3. Nd2 Nf6 4. e5 Nfd7 5. f4 c5 6. c3 Nc6 7. Ndf3 Be7 8. a3
Qc7 9. Bd3 c4 10. Bc2 Nf8 11. Ne2 Bd7 12. O-O h6 13. Ng3 g6 14. Be3 O-O-O 15.
Qe2 Nh7 16. Nd2 Na5 17. Rfc1 Rdg8 18. b3 g5 19. bxc4 Nxc4 20. Nxc4 dxc4 21. f5
f6 22. d5 exd5 23. e6 Bc6 24. Qf2 a6 25. Bd4 g4 26. Nh5 Ng5 27. Nf4 Nf3+ 28.
gxf3 Qxf4 29. Be3 gxf3+ 30. Kh1 Rg2 31. Bxf4 Rxf2 32. Be3 Re2 33. Bd4 Bd6 34.
Bxf6 Rg8 0-1

[Event "4NCL/Div4/SCS vs. CAMB2"]
[Site "Nottingham ENG"]
[Date "2006.02.11"]
[Round "5.5"]
[White "Lowry-O'Reilly, Hannah"]
[Black "Kapadia, Sujit"]
[Result "0-1"]
[WhiteElo "1790"]
[BlackElo "1995"]
[PlyCount "72"]
[EventDate "2006.02.11"]
[EventType "team"]
[EventRounds "11"]
[EventCountry "ENG"]
[SourceDate "2005.10.25"]

1. d4 d5 2. c4 c6 3. Nc3 dxc4 4. e4 b5 5. a4 b4 6. Nb1 Ba6 7. Bf4 Nf6 8. f3 e6
9. Bxb8 Rxb8 10. b3 cxb3 11. Bxa6 Qa5 12. Qxb3 Qxa6 13. Nd2 Be7 14. Rc1 O-O 15.
Kf2 Rfd8 16. Ne2 c5 17. Rc4 cxd4 18. Rhc1 Rbc8 19. Rxc8 Rxc8 20. Rxc8+ Qxc8 21.
Qc4 Qxc4 22. Nxc4 Nd7 23. e5 Bc5 24. Ke1 Nb6 25. Nxb6 Bxb6 26. Kd2 a5 27. Kd3
f6 28. f4 Kf7 29. Nc1 Kg6 30. Kc4 fxe5 31. fxe5 Kf5 32. Kb5 Bd8 33. Nd3 Ke4 34.
Kc4 Bc7 35. Nc5+ Kxe5 36. Nd7+ Ke4 0-1

[Event "4NCL/Div4/NOTT2 vs. PONTY"]
[Site "Nottingham ENG"]
[Date "2006.02.11"]
[Round "5.1"]
[White "Levens, David"]
[Black "Adams, Mark A"]
[Result "1-0"]
[WhiteElo "2025"]
[BlackElo "2079"]
[PlyCount "53"]
[EventDate "2006.02.11"]
[SourceDate "2005.10.25"]

1. e4 c5 2. Nf3 g6 3. d4 cxd4 4. Nxd4 Nc6 5. Be3 Bg7 6. Nc3 Nf6 7. Bc4 O-O 8.
f3 Qb6 9. Bb3 Nxe4 10. Nd5 Qa5+ 11. c3 Nf6 12. Nxc6 dxc6 13. Nxe7+ Kh8 14. Nxc8
Re8 15. Kf2 Raxc8 16. Re1 Rcd8 17. Bd4 Rf8 18. Qc1 Qh5 19. Qf4 Rxd4 20. cxd4
Qa5 21. Rad1 g5 22. Qd6 Rd8 23. Qc5 Qc7 24. g3 g4 25. Re7 Rd7 26. Rde1 b6 27.
Re8+ 1-0

[Event "4NCL/Div4/NOTT2 vs. PONTY"]
[Site "Nottingham ENG"]
[Date "2006.02.11"]
[Round "5.2"]
[White "Taylor, Robert G"]
[Black "Lakhani, Kishan"]
[Result "1/2-1/2"]
[WhiteElo "2002"]
[BlackElo "2010"]
[PlyCount "101"]
[EventDate "2006.02.11"]
[SourceDate "2005.10.25"]

1. c4 d6 2. d4 Nf6 3. Nc3 g6 4. e4 Bg7 5. Be2 O-O 6. Nf3 e5 7. O-O Nc6 8. d5
Ne7 9. Ne1 Ne8 10. Nd3 f5 11. Bd2 Nf6 12. f3 f4 13. b4 g5 14. c5 Ng6 15. Rc1
Rf7 16. a4 Bf8 17. Nb5 g4 18. fxg4 Nxe4 19. Bf3 Ng5 20. Nf2 Nh4 21. cxd6 cxd6
22. Nc3 Rg7 23. Nce4 h5 24. Nxg5 Qxg5 25. Ne4 Nxf3+ 26. Qxf3 hxg4 27. Nxg5 gxf3
28. Nxf3 Bf5 29. Rc3 Be4 30. Kf2 Bxd5 31. Ne1 Be7 32. g3 fxg3+ 33. hxg3 Rh7 34.
Ke2 Bd8 35. Nc2 Bb6 36. Ne3 Rh2+ 37. Ke1 Bxe3 38. Bxe3 Ra2 39. Rf6 Rxa4 40. Rc7
Be4 41. Rff7 Rxb4 42. Bg5 Rf8 43. Rg7+ Kh8 44. Rgd7 Rb1+ 45. Bc1 d5 46. Ke2 Rb6
47. Bg5 Rb2+ 48. Ke1 Rbf2 49. Bf4 R2xf4 50. gxf4 exf4 51. Rxb7 1/2-1/2

[Event "4NCL/Div4/NOTT2 vs. PONTY"]
[Site "Nottingham ENG"]
[Date "2006.02.11"]
[Round "5.3"]
[White "Webster, Richard J"]
[Black "Davies, Peter L"]
[Result "1/2-1/2"]
[WhiteElo "2020"]
[BlackElo "1929"]
[PlyCount "81"]
[EventDate "2006.02.11"]
[SourceDate "2005.10.25"]

1. c4 c5 2. g3 g6 3. Bg2 Bg7 4. Nc3 Nc6 5. a3 a5 6. Nf3 Nf6 7. O-O O-O 8. e4 e5
9. d3 d6 10. h3 Nd4 11. Nxd4 cxd4 12. Ne2 Ne8 13. Kh2 Qe7 14. Bd2 f5 15. b4
axb4 16. axb4 Rxa1 17. Qxa1 f4 18. gxf4 Bh6 19. Qb2 Qh4 20. f3 Nf6 21. fxe5
Ng4+ 22. fxg4 Rxf1 23. Bxh6 Rf2 24. Kg1 dxe5 25. Qd2 Rxe2 26. Qxe2 Qxh6 27. b5
Kg7 28. Qf2 Qg5 29. Kh2 Bd7 30. Bf1 h6 31. Be2 Qd2 32. Kg2 g5 33. Bf1 Qxf2+ 34.
Kxf2 Kf6 35. Be2 Ke7 36. Bd1 Kd6 37. Ke2 b6 38. Kd2 Kc5 39. Kc2 Bc8 40. Kb3 Bd7
41. Be2 1/2-1/2

[Event "4NCL/Div4/NOTT2 vs. PONTY"]
[Site "Nottingham ENG"]
[Date "2006.02.11"]
[Round "5.4"]
[White "Lobo, Richard"]
[Black "Thompson, Brian"]
[Result "1/2-1/2"]
[WhiteElo "1945"]
[BlackElo "2030"]
[PlyCount "52"]
[EventDate "2006.02.11"]
[SourceDate "2005.10.25"]

1. e4 d6 2. d4 g6 3. c4 Bg7 4. Nc3 Nf6 5. Nf3 O-O 6. Be2 Nbd7 7. Qc2 e5 8. d5
a5 9. O-O Nc5 10. Ne1 Qe7 11. f3 Nh5 12. Nd3 Nxd3 13. Bxd3 Nf4 14. Be3 Bd7 15.
Kh1 Nxd3 16. Qxd3 f5 17. Kg1 f4 18. Bf2 b6 19. Kh1 g5 20. Nb5 Bxb5 21. cxb5 h5
22. a4 g4 23. Bg1 Qg5 24. Qe2 Rf7 25. Ra3 Kh8 26. Rc3 g3 1/2-1/2